The Spivak reader : (Record no. 308)

MARC details
000 -LEADER
campo de control de longitud fija 02304cam a2200517 a 4500
001 - NÚMERO DE CONTROL
campo de control 1734445
005 - FECHA Y HORA DE LA ÚLTIMA TRANSACCIÓN
campo de control 20220326193301.0
008 - DATOS DE LONGITUD FIJA--INFORMACIÓN GENERAL
campo de control de longitud fija 950515s1996 nyu b 001 0 eng
010 ## - NÚMERO DE CONTROL DE LA BIBLIOTECA DEL CONGRESO
Número de control de LC 95022222
020 ## - NÚMERO INTERNACIONAL ESTÁNDAR DEL LIBRO
Número Internacional Estándar del Libro 9780415910002
020 ## - NÚMERO INTERNACIONAL ESTÁNDAR DEL LIBRO
Número Internacional Estándar del Libro 0415910005 (cloth)
020 ## - NÚMERO INTERNACIONAL ESTÁNDAR DEL LIBRO
Número Internacional Estándar del Libro 0415910013 (pbk.)
020 ## - NÚMERO INTERNACIONAL ESTÁNDAR DEL LIBRO
Número Internacional Estándar del Libro 9780415910019 (pbk.)
024 ## - IDENTIFICADOR DE OTROS ESTÁNDARES
Número estándar o código 99952056072
035 ## - NÚMERO DE CONTROL DEL SISTEMA
Número de control de sistema (OCoLC)32665950
Número de control cancelado/no válido (OCoLC)34546697
-- (OCoLC)34675508
035 ## - NÚMERO DE CONTROL DEL SISTEMA
Número de control de sistema (DLC) 95022222
035 ## - NÚMERO DE CONTROL DEL SISTEMA
Número de control de sistema (NNC)1734445
040 ## - FUENTE DE CATALOGACIÓN
Centro catalogador/agencia de origen DLC
Centro/agencia transcriptor DLC
Centro/agencia modificador UKM
-- EL$
-- BAKER
-- NLGGC
-- BTCTA
-- YDXCP
082 00 - NÚMERO DE LA CLASIFICACIÓN DECIMAL DEWEY
Número de clasificación 306
Número de edición L262s
100 1# - ENTRADA PRINCIPAL--NOMBRE DE PERSONA
Nombre de persona Spivak, Gayatri Chakravorty.
9 (RLIN) 1441
245 14 - MENCIÓN DEL TÍTULO
Título The Spivak reader :
Resto del título selected works of Gayatri Chakravorty Spivak /
Mención de responsabilidad, etc. edited by Donna Landry and Gerald MacLean.
260 ## - PUBLICACIÓN, DISTRIBUCIÓN, ETC.
Lugar de publicación, distribución, etc. New York :
Nombre del editor, distribuidor, etc. Routledge,
Fecha de publicación, distribución, etc. 1996.
300 ## - DESCRIPCIÓN FÍSICA
Extensión 334 p. ;
Dimensiones 24 cm.
504 ## - NOTA DE BIBLIOGRAFÍA, ETC.
Nota de bibliografía, etc. "Gayatri Chakravorty Spivak : a checklist of publications": p. [309]-321.
504 ## - NOTA DE BIBLIOGRAFÍA, ETC.
Nota de bibliografía, etc. Includes bibliographical references and index.
505 0# - NOTA DE CONTENIDO CON FORMATO
Nota de contenido con formato Bonding in difference, interview with Alfred Arteaga -- Explanation and culture : marginalia -- Feminism and critical theory -- Revolutions that as yet have no model : Derrida's "Limited Inc." -- Scattered speculations on the question of value -- More on power/knowledge -- Echo -- Subaltern studies : deconstructing historiography -- How to teach a "culturally different" book -- Translator's preface and afterword to Mahasweta Devi, Imaginary maps -- Subaltern talk, interview with editors.
650 #0 - PUNTO DE ACCESO ADICIONAL DE MATERIA--TÉRMINO DE MATERIA
Término de materia o nombre geográfico como elemento de entrada Culture.
Subdivisión general Historia social y feminismo
9 (RLIN) 1442
650 #0 - PUNTO DE ACCESO ADICIONAL DE MATERIA--TÉRMINO DE MATERIA
Término de materia o nombre geográfico como elemento de entrada Social history.
9 (RLIN) 1443
650 #0 - PUNTO DE ACCESO ADICIONAL DE MATERIA--TÉRMINO DE MATERIA
Término de materia o nombre geográfico como elemento de entrada Feminist theory.
9 (RLIN) 107
650 #0 - PUNTO DE ACCESO ADICIONAL DE MATERIA--TÉRMINO DE MATERIA
Término de materia o nombre geográfico como elemento de entrada Feminist criticism.
9 (RLIN) 1444
650 #0 - PUNTO DE ACCESO ADICIONAL DE MATERIA--TÉRMINO DE MATERIA
Término de materia o nombre geográfico como elemento de entrada Feminism and literature.
9 (RLIN) 1445
650 #4 - PUNTO DE ACCESO ADICIONAL DE MATERIA--TÉRMINO DE MATERIA
Término de materia o nombre geográfico como elemento de entrada Historia social
9 (RLIN) 1446
650 #4 - PUNTO DE ACCESO ADICIONAL DE MATERIA--TÉRMINO DE MATERIA
Término de materia o nombre geográfico como elemento de entrada Teoría feminista
9 (RLIN) 1447
650 #4 - PUNTO DE ACCESO ADICIONAL DE MATERIA--TÉRMINO DE MATERIA
Término de materia o nombre geográfico como elemento de entrada Crítica feminista
9 (RLIN) 1448
650 #4 - PUNTO DE ACCESO ADICIONAL DE MATERIA--TÉRMINO DE MATERIA
Término de materia o nombre geográfico como elemento de entrada Feminismo y literatura
9 (RLIN) 1449
650 17 - PUNTO DE ACCESO ADICIONAL DE MATERIA--TÉRMINO DE MATERIA
Término de materia o nombre geográfico como elemento de entrada Feministische filosofie.
Fuente del encabezamiento o término gtt
9 (RLIN) 1450
650 17 - PUNTO DE ACCESO ADICIONAL DE MATERIA--TÉRMINO DE MATERIA
Término de materia o nombre geográfico como elemento de entrada Cultuurfilosofie.
Fuente del encabezamiento o término gtt
9 (RLIN) 1451
653 0# - TÉRMINO DE INDIZACIÓN--NO CONTROLADO
Término no controlado Culture
700 1# - ENTRADA AGREGADA--NOMBRE PERSONAL
Nombre de persona Landry, Donna.
9 (RLIN) 1452
700 1# - ENTRADA AGREGADA--NOMBRE PERSONAL
Nombre de persona MacLean, Gerald M.,
Fechas asociadas al nombre 1952-
9 (RLIN) 1453
856 42 - LOCALIZACIÓN Y ACCESO ELECTRÓNICOS
Materiales especificados Publisher description
Identificador Uniforme de Recursos <a href="http://www.loc.gov/catdir/enhancements/fy0651/95022222-d.html">http://www.loc.gov/catdir/enhancements/fy0651/95022222-d.html</a>
948 2# - PROCESAMIENTO DE INFORMACIÓN LOCAL (OCLC); DESIGNADOR DE PARTE DE LA SERIE (RLIN)
Designador de la parte de la serie, SPT (RLIN) 20070209
b (OCLC) a
c (OCLC) rad1
d (OCLC) MPS
987 ## - HISTORIA LOCAL DE LATINIZACIÓN/CONVERSIÓN (OCLC)
Identificador de latinización/conversión 381103
Holdings
Estatus retirado Estado de pérdida Fuente del sistema de clasificación o colocación Estado de daño No para préstamo Biblioteca de origen Biblioteca actual Ubicación en estantería Fecha de adquisición Total de préstamos Signatura topográfica completa Código de barras Visto por última vez Precio de reemplazo Tipo de ítem Koha
    Clasificación Decimal Dewey     Biblioteca LadoV Biblioteca LadoV   29/08/2014   306 L262s 000326 29/08/2014 29/08/2014 Material 01